| 000 | 00753nam a2200253 b 4500 | ||
|---|---|---|---|
| 003 | 3228 | ||
| 005 | 20250710102319.0 | ||
| 008 | 230331s9999 xx 000 0 eng d | ||
| 020 |
_a9781775782063 _qpbk |
||
| 040 |
_aRDA _c3228 |
||
| 082 | _a330 BEAU | ||
| 100 | _aBeautement, Vanessa | ||
| 245 | 0 |
_aBusiness studies 11 X-kit Achieve!/ _cVanessa Beautement. |
|
| 260 |
_aCape Town : _b Pearson Education South Africa, _c2013 |
||
| 300 |
_avi, 185 pages ; _c30 cm. |
||
| 490 | _aX-Kit Achieve. | ||
| 650 |
_aEconomics _9181142 _vBusiness education- problems, exercises, etc |
||
| 650 |
_aBusiness _vBusiness methods, study guides _9195142 |
||
| 942 |
_y367 _zEllen Msibi |
||
| 942 | _2ddc | ||
| 942 | _2ddc | ||
| 942 | _2ddc | ||
| 942 |
_cBOOK _2ddc |
||
| 999 |
_c55682 _d55681 |
||